000 00678nam a2200217Ia 4500
003 GCL
008 140319s9999 xx 000 0 ara d
020 _a1815458977
040 _aGCL /
_cGCL
082 0 4 _a219.1
_bا م
100 1 _aابراهيم فتحى
245 1 0 _aمناظرة مبهجة بين محجبة ومتبرجة /
_cابراهيم فتحى
250 _aالاولى
260 _aالقاهرة :
_bدار العقيدة للتراث ،
_c1999
300 _a256 ص ؛
_c24 سم
650 0 4 _aالحجاب والسفور
650 0 4 _aالتبرج
650 0 4 _aحجاب المراة
650 0 4 _aالمرأة فى الاسلام
942 _2ddc
_cBK
999 _c33247
_d33247